书目信息 |
| 题名: |
沈从文谈艺术
|
|
| 作者: | 沈从文 著 | |
| 分册: | ||
| 出版信息: | 南京 江苏人民出版社 2015 |
|
| 页数: | 216页 | |
| 开本: | 24cm | |
| 丛书名: | 沈从文作品精选珍藏版 含章文库·沈从文集 | |
| 单 册: | ||
| 中图分类: | J05-53 | |
| 科图分类: | ||
| 主题词: | 艺术评论--yi shu ping lun--文集 | |
| 电子资源: | ||
| ISBN: | 978-7-214-14848-3 | |
| 000 | 00962nam0 22002531 450 | |
| 001 | 1760963149 | |
| 005 | 20170619171941.0 | |
| 010 | @a978-7-214-14848-3@dCNY25.00 | |
| 100 | @a20151201d2015 em y0chiy50 ea | |
| 101 | 0 | @achi |
| 102 | @aCN@b320000 | |
| 105 | @aa z 000yy | |
| 106 | @ar | |
| 200 | 1 | @a沈从文谈艺术@9shen cong wen tan yi shu@f沈从文著 |
| 210 | @a南京@c江苏人民出版社@d2015 | |
| 215 | @a216页@c图@d24cm | |
| 225 | 2 | @a沈从文作品精选珍藏版 含章文库·沈从文集@9shen cong wen zuo pin jing xuan zhen cang ban han zhang wen ku shen cong wen ji |
| 330 | @a本书收录了沈从文的部分文学评论与文化研究短文,分为文学创作杂谈、服饰研究、器物的艺术、民族艺术、书画与建筑、艺术杂论六个部分。 | |
| 461 | 0 | @12001 @a沈从文作品精选珍藏版 含章文库·沈从文集 |
| 606 | 0 | @a艺术评论@9yi shu ping lun@j文集 |
| 690 | @aJ05-53@v5 | |
| 701 | 0 | @a沈从文@9shen cong wen@f(1902~1988)@4著 |
| 801 | 0 | @aCN@b百万庄@c20170617 |
| 905 | @b1013766-8@dJ05-53@e391@f3 | |
| 沈从文谈艺术/沈从文著.-南京:江苏人民出版社,2015 |
| 216页:图;24cm.-(沈从文作品精选珍藏版 含章文库·沈从文集) |
| ISBN 978-7-214-14848-3:CNY25.00 |
| 本书收录了沈从文的部分文学评论与文化研究短文,分为文学创作杂谈、服饰研究、器物的艺术、民族艺术、书画与建筑、艺术杂论六个部分。 |
| ● |
| 相关链接 |
|
|
|
|
正题名:沈从文谈艺术
索取号:J05-53/391
 
预约/预借
| 序号 | 登录号 | 条形码 | 馆藏地/架位号 | 状态 | 备注 |
| 1 | 1013766 | 210137662 | 第一样本阅览室/ [索取号:J05-53/391] | 在馆 | |
| 2 | 1013767 | 210137671 | 第一借阅区/ [索取号:J05-53/391] | 在馆 | |
| 3 | 1013768 | 210137680 | 教育系资料室/ [索取号:J05-53/391] | 在馆 |